Normal view
MARC view
- Pedroz, Mark,
Entry Personal Name
001 - CONTROL NUMBER
- control field: 39438
003 - CONTROL NUMBER IDENTIFIER
- control field: OSt
005 - DATE AND TIME OF LATEST TRANSACTION
- control field: 20190906091719.0
008 - FIXED-LENGTH DATA ELEMENTS
- fixed length control field: 190906|| aca||aabn | a|a d
040 ## - CATALOGING SOURCE
- Original cataloging agency: OSt
- Transcribing agency: OSt
100 ## - HEADING--PERSONAL NAME
- Personal name: Pedroz, Mark,
- Relator term: author.
670 ## - SOURCE DATA FOUND
- Source citation: Work cat.: (OSt)0: Pedroz, Mark, author., Complete literature in English for Cambridge IGCSE & O level /, ©2018.
